[Event "British Chess Championships 2023: U12 Championship"]
[Site "The Venue, De Montfort University, 20 Western Boulevard, Leicester, LE2 7BU"]
[Date "2023.07.26"]
[Round "3"]
[Board "19"]
[White "Chandrashekhar, Druha"]
[Black "Tagg, George"]
[Result "1-0"]
[WhiteElo "1516"]
[BlackElo "1253"]
[PlyCount "27"]
[EventDate "2023.07.25"]
[EventRounds "7"]
[EventCountry "ENG"]

1. e4 e5 2. Nf3 Nc6 3. d4 exd4 4. Bc4 h6 5. O-O Bc5 6. c3 Qf6 7. e5 Nxe5 8. Nxe5
d6 9. Nxf7 Rh7 10. Re1+ Ne7 11. Nd2 dxc3 12. Ne4 Qg6 13. Nxc5 dxc5 14. Rxe7+  1-0

[Event "British Chess Championships 2023: U12 Championship"]
[Site "The Venue, De Montfort University, 20 Western Boulevard, Leicester, LE2 7BU"]
[Date "2023.07.26"]
[Round "3"]
[Board "20"]
[White "Tomy, Judith"]
[Black "Ding, Yiwen"]
[Result "0-1"]
[WhiteElo "1291"]
[BlackElo "1511"]
[PlyCount "118"]
[EventDate "2023.07.25"]
[EventRounds "7"]
[EventCountry "ENG"]

1. e4 c5 2. Nf3 d6 3. c3 Nf6 4. Qc2 Qc7 5. Bc4 e6 6. d4 d5 7. exd5 exd5 8. Bd3 c4
9. Be2 Be7 10. O-O O-O 11. Na3 Bxa3 12. bxa3 Ne4 13. Rb1 a6 14. Ne5 f6 15. Nxc4 b5
16. Ne3 Qxc3 17. Qxc3 Nxc3 18. Rb2 Nc6 19. Bf3 Nxd4 20. Bxd5+ Nxd5 21. Nxd5 Bb7 22.
Nb6 Rad8 23. Rd2 Rfe8 24. Rdd1 Ne2+ 25. Kh1 Rxd1 26. Rxd1 Nc3 27. Rf1 Re2 28. Nd7
Na4 29. Nb8 Rxa2 30. Rd1 Rxf2 31. Rd8+ Kf7 32. Kg1 Rxg2+ 33. Kf1 Rxh2 34. Rd7+ Kg6
35. Rxb7 Rh1+ 36. Kf2 Rxc1 37. Nxa6 Nc5 38. Rc7 Nd3+ 39. Ke3 Rxc7 40. Nxc7 b4 41.
Kxd3 bxa3 42. Kc3 h5 43. Nd5 h4 44. Nf4+ Kg5 45. Ne2 Kg4 46. Ng1 h3 47. Nxh3 Kxh3
48. Kb3 g5 49. Kxa3 g4 50. Kb3 g3 51. Kc3 g2 52. Kd3 g1=Q 53. Kc4 Qe3 54. Kb5 f5
55. Ka6 f4 56. Kb7 f3 57. Ka8 f2 58. Kb8 f1=Q 59. Kb7 Qf6  0-1

[Event "British Chess Championships 2023: U12 Championship"]
[Site "The Venue, De Montfort University, 20 Western Boulevard, Leicester, LE2 7BU"]
[Date "2023.07.26"]
[Round "3"]
[Board "21"]
[White "Brown, John"]
[Black "Walsh, Isabella"]
[Result "1-0"]
[WhiteElo "1486"]
[BlackElo "738"]
[PlyCount "107"]
[EventDate "2023.07.25"]
[EventRounds "7"]
[EventCountry "ENG"]

1. e4 e5 2. Nf3 Nc6 3. Bc4 Bc5 4. c3 Nf6 5. d3 O-O 6. O-O d6 7. Re1 Bg4 8. a4 Na5
9. b4 Nxc4 10. dxc4 Nh5 11. bxc5 Nf4 12. Bxf4 exf4 13. cxd6 cxd6 14. h3 Bxf3 15.
Qxf3 Qf6 16. g3 fxg3 17. Qxf6 gxf6 18. fxg3 Rac8 19. Nd2 Kh8 20. Rf1 Rg8 21. g4 a6
22. Rxf6 b5 23. Rxd6 bxc4 24. Rxa6 Rgd8 25. Rd1 Rc7 26. Kf2 Rd3 27. Ra8+ Kg7 28.
a5 Rxc3 29. a6 Ra3 30. Rc1 c3 31. Nb1 Ra1 32. Rxc3 Ra2+ 33. Kg3 Rxc3+ 34. Nxc3 Ra3
35. a7 Rxc3+ 36. Kh4 Ra3 37. Kg5 f6+ 38. Kf4 Kf7 39. g5 Ke7 40. gxf6+ Kxf6 41. Rf8+
Ke7 42. a8=Q Rxa8 43. Rxa8 Kf7 44. e5 Ke6 45. Rh8 Kd5 46. Kf5 h5 47. Rd8+ Kc6 48.
e6 Kc7 49. e7 Kc6 50. e8=Q+ Kc5 51. Rd7 Kc6 52. Qc8+ Kb6 53. Rb7+ Ka6 54. Qa8#  1-0

[Event "British Chess Championships 2023: U12 Championship"]
[Site "The Venue, De Montfort University, 20 Western Boulevard, Leicester, LE2 7BU"]
[Date "2023.07.26"]
[Round "3"]
[Board "22"]
[White "Wang, Yuan Ya"]
[Black "Blin, Henri"]
[Result "1/2-1/2"]
[WhiteElo "1130"]
[BlackElo "1211"]
[PlyCount "120"]
[EventDate "2023.07.25"]
[EventRounds "7"]
[EventCountry "ENG"]

1. e4 c5 2. f4 d6 3. Nf3 Nf6 4. Nc3 g6 5. Bc4 Bg7 6. d3 O-O 7. O-O a6 8. Nd5 Nc6
9. c3 b5 10. Nxf6+ Bxf6 11. Bd5 Bd7 12. e5 dxe5 13. fxe5 Bg7 14. d4 e6 15. Be4 cxd4
16. cxd4 Rc8 17. Bg5 Qb6 18. Bf6 Na5 19. Be7 Rfe8 20. Bc5 Qc7 21. b3 Bc6 22. Bxc6
Nxc6 23. Ng5 Nxe5 24. Rc1 f6 25. Nxh7 Kxh7 26. dxe5 Qxe5 27. Qd7 Rxc5 28. Qxe8 Qd4+
29. Kh1 Rxc1 30. Rxc1 Qb2 31. Rg1 Qxa2 32. Qxe6 a5 33. Qb6 Qxb3 34. Qxa5 b4 35. Qa1
f5 36. Qb1 Qxb1 37. Rxb1 Bc3 38. g3 Kg7 39. Kg2 Kf6 40. Kf3 Ke5 41. Ke3 Bd4+ 42.
Kd3 Bc3 43. h3 Kf6 44. h4 g5 45. h5 g4 46. h6 Kg6 47. Rf1 Kxh6 48. Rxf5 Kg6 49. Rb5
Kf6 50. Ke4 Bd2 51. Rd5 Bc1 52. Rb5 Bd2 53. Kd3 Be1 54. Ke3 Bxg3 55. Rxb4 Kg5 56.
Ke2 Kh4 57. Kf1 Kh3 58. Rb7 Bh4 59. Rg7 Kg3 60. Rxg4+ Kxg4  1/2-1/2

[Event "British Chess Championships 2023: U12 Championship"]
[Site "The Venue, De Montfort University, 20 Western Boulevard, Leicester, LE2 7BU"]
[Date "2023.07.26"]
[Round "3"]
[Board "23"]
[White "Puthanveettil, Joshua"]
[Black "Gullapelly, Kshetragna"]
[Result "1-0"]
[WhiteElo "1419"]
[BlackElo "543"]
[PlyCount "85"]
[EventDate "2023.07.25"]
[EventRounds "7"]
[EventCountry "ENG"]

1. e4 Nc6 2. d4 Nf6 3. d5 Ne5 4. Qd4 d6 5. c4 c5 6. Qe3 Nfg4 7. Qg3 e6 8. Nc3 exd5
9. cxd5 Qf6 10. Bb5+ Bd7 11. Bxd7+ Kxd7 12. h3 Nd3+ 13. Qxd3 Qxf2+ 14. Kd1 c4 15.
Qe2 Qxe2+ 16. Kxe2 Ne5 17. Nf3 Nd3 18. Ne1 Nxe1 19. Rxe1 Re8 20. Rf1 f6 21. Be3 a6
22. a4 b5 23. axb5 axb5 24. Ra7+ Kc8 25. Ra8+ Kd7 26. Rxe8 Kxe8 27. Nxb5 Be7 28.
Ra1 Kf7 29. Na3 f5 30. exf5 Bf6 31. Nxc4 Rd8 32. Ra6 Be5 33. Kf3 Kf6 34. g4 Ke7 35.
Nxe5 dxe5 36. Bg5+ Ke8 37. Bxd8 Kxd8 38. Ra7 Ke8 39. d6 Kf8 40. Re7 g6 41. b4 Kg8
42. d7 Kh8 43. d8=Q#  1-0

[Event "British Chess Championships 2023: U12 Championship"]
[Site "The Venue, De Montfort University, 20 Western Boulevard, Leicester, LE2 7BU"]
[Date "2023.07.26"]
[Round "3"]
[Board "24"]
[White "Burgess, Rose"]
[Black "Gill, Veer"]
[Result "0-1"]
[WhiteElo "1074"]
[BlackElo "1443"]
[PlyCount "72"]
[EventDate "2023.07.25"]
[EventRounds "7"]
[EventCountry "ENG"]

1. e4 e6 2. d4 d5 3. exd5 exd5 4. Nc3 Nf6 5. Bf4 Bd6 6. Bg5 c6 7. Qf3 Be7 8. Bd3
O-O 9. O-O-O Bg4 10. Qg3 Bxd1 11. Bh6 Nh5 12. Qh3 Bg5+ 13. Bxg5 Qxg5+ 14. Kxd1 Nf6
15. Nf3 Qg4 16. Bxh7+ Kh8 17. Bf5+ Qxh3 18. gxh3 Nh5 19. Rg1 g6 20. Bd3 Nf4 21. Rg4
Nxd3 22. cxd3 Nd7 23. Ne2 Kg7 24. Nf4 Nf6 25. Rg1 Rh8 26. Kc2 Nh5 27. Ne2 Rae8 28.
Kd2 Re7 29. Rg2 Rhe8 30. Ne5 c5 31. Nc1 cxd4 32. Nf3 Nf4 33. Rg3 Ne2 34. Nxe2 Rxe2+
35. Kc1 Rxf2 36. Nxd4 Re1#  0-1

[Event "British Chess Championships 2023: U12 Championship"]
[Site "The Venue, De Montfort University, 20 Western Boulevard, Leicester, LE2 7BU"]
[Date "2023.07.26"]
[Round "3"]
[Board "25"]
[White "Murthy, Arush Ajai"]
[Black "Nilim, Armaan"]
[Result "1/2-1/2"]
[WhiteElo "1178"]
[BlackElo "1351"]
[PlyCount "98"]
[EventDate "2023.07.25"]
[EventRounds "7"]
[EventCountry "ENG"]

1. d4 d5 2. c4 dxc4 3. e3 e5 4. Bxc4 exd4 5. exd4 Nf6 6. Nf3 Bd6 7. Qe2+ Qe7 8. Qxe7+
Bxe7 9. O-O O-O 10. h3 Bd6 11. Nc3 h6 12. Nb5 Rd8 13. Nxd6 Rxd6 14. Bf4 Rd7 15. Rad1
c6 16. Rfe1 b5 17. Bb3 Bb7 18. Ne5 Re7 19. Ng4 Rxe1+ 20. Rxe1 Nbd7 21. Nxf6+ Nxf6
22. Re7 Ba6 23. Rxf7 Nd5 24. Bxd5 cxd5 25. Rd7 Kf8 26. Rxd5 Ke7 27. Re5+ Kf7 28.
Be3 Re8 29. Rxe8 Kxe8 30. Kf1 Ke7 31. Ke2 Ke6 32. Kf3 Kf5 33. g4+ Ke6 34. Ke4 Bb7+
35. Kf4 Bd5 36. b3 Kf6 37. h4 g5+ 38. hxg5+ hxg5+ 39. Kg3 a5 40. f4 gxf4+ 41. Kxf4
Bf7 42. g5+ Ke6 43. a3 a4 44. b4 Bg6 45. Kf3 Kd5 46. Ke2 Ke4 47. Kd2 Kd5 48. Kc3
Ke4 49. d5 Kxd5  1/2-1/2

[Event "British Chess Championships 2023: U12 Championship"]
[Site "The Venue, De Montfort University, 20 Western Boulevard, Leicester, LE2 7BU"]
[Date "2023.07.26"]
[Round "3"]
[Board "26"]
[White "Fang, Brandon Jun Qiao"]
[Black "Czarnuch, Dominic"]
[Result "1-0"]
[WhiteElo "1404"]
[BlackElo "1209"]
[PlyCount "133"]
[EventDate "2023.07.25"]
[EventRounds "7"]
[EventCountry "ENG"]

1. e4 e6 2. d4 d5 3. Nd2 Nf6 4. e5 Nfd7 5. Ngf3 c5 6. c3 Nc6 7. Bb5 Qc7 8. O-O Be7
9. Bxc6 bxc6 10. Re1 cxd4 11. cxd4 c5 12. Nf1 cxd4 13. Nxd4 Bb7 14. Bf4 Qb6 15. Be3
Qd8 16. f4 g6 17. f5 exf5 18. e6 Nf6 19. Qb3 Bc8 20. exf7+ Kxf7 21. Nc6 Qe8 22. Nxe7
Qxe7 23. Bg5 Qc5+ 24. Kh1 Qb6 25. Qc3 Bb7 26. Bxf6 Rac8 27. Re7+ Kf8 28. Rxb7 Qxb7
29. Qa3+ Kf7 30. Bxh8 Rxh8 31. Rc1 Re8 32. Qc3 Re7 33. Nd2 g5 34. Nf3 Qb8 35. Nxg5+
Kg6 36. Nh3 f4 37. Qd3+ Kg7 38. Qxd5 Qb4 39. Qg5+ Kf8 40. Qxf4+ Qxf4 41. Nxf4 Kg7
42. Rc7 Rxc7 43. Ne6+ Kf6 44. Nxc7 Ke5 45. Nb5 a6 46. Nc7 a5 47. a3 Kd6 48. Ne8+
Ke7 49. Ng7 Kf6 50. Nh5+ Kg5 51. b4 axb4 52. axb4 Kf5 53. g4+ Ke5 54. g5 Kd5 55.
Nf6+ Kc4 56. Nxh7 Kxb4 57. g6 Kc5 58. g7 Kd5 59. g8=Q+ Ke5 60. Nf8 Kf6 61. h4 Ke7
62. h5 Ke8 63. h6 Ke7 64. h7 Ke8 65. h8=Q Ke7 66. Qe6+ Kd8 67. Qd7#  1-0

[Event "British Chess Championships 2023: U12 Championship"]
[Site "The Venue, De Montfort University, 20 Western Boulevard, Leicester, LE2 7BU"]
[Date "2023.07.26"]
[Round "3"]
[Board "27"]
[White "Van Neerven, Yvon"]
[Black "Gupta, Aditya"]
[Result "0-1"]
[WhiteElo "1228"]
[BlackElo "1393"]
[PlyCount "104"]
[EventDate "2023.07.25"]
[EventRounds "7"]
[EventCountry "ENG"]

1. d4 d5 2. Bf4 e6 3. e3 Nf6 4. c4 Bb4+ 5. Nd2 Bxd2+ 6. Qxd2 Nc6 7. Nf3 Bd7 8. Bd3
h6 9. h4 dxc4 10. Bxc4 Qe7 11. a3 Nd5 12. Bg3 Nb6 13. Ba2 Rc8 14. Rc1 a6 15. h5 Na8
16. Bh4 f6 17. e4 Qf7 18. Bg3 b5 19. b4 Ne7 20. d5 exd5 21. exd5 Nf5 22. Bf4 Nd6
23. Kf1 Kf8 24. Bxd6+ cxd6 25. Nd4 Rxc1+ 26. Qxc1 Qe8 27. Qf4 Qe5 28. Qxe5 fxe5 29.
Nc6 Nc7 30. f3 Kf7 31. Kf2 Rc8 32. Rc1 Ne8 33. Ke2 Kf6 34. Bb1 Kg5 35. Bg6 Nf6 36.
g4 Nxd5 37. Be4 Nf4+ 38. Kd2 d5 39. Bf5 Rxc6 40. Bxd7 Rxc1 41. Kxc1 Kh4 42. Bc8 e4
43. fxe4 dxe4 44. Kd2 Nd5 45. Bxa6 Kxg4 46. Bxb5 Kxh5 47. Be8+ Kg5 48. Bc6 Nb6 49.
Bxe4 Nc4+ 50. Kc3 Nxa3 51. Kb3 Nb5 52. Ka4 Nc3+  0-1

[Event "British Chess Championships 2023: U12 Championship"]
[Site "The Venue, De Montfort University, 20 Western Boulevard, Leicester, LE2 7BU"]
[Date "2023.07.26"]
[Round "3"]
[Board "28"]
[White "Eccleston, Rowan"]
[Black "Hilmi, Sofia"]
[Result "1/2-1/2"]
[WhiteElo "1028"]
[BlackElo "1128"]
[PlyCount "48"]
[EventDate "2023.07.25"]
[EventRounds "7"]
[EventCountry "ENG"]

1. f4 d5 2. Nf3 Nc6 3. e3 Bg4 4. Bb5 Nf6 5. Bxc6+ bxc6 6. O-O e6 7. b3 Bc5 8. Bb2
Qe7 9. h3 Bxf3 10. Qxf3 Bb4 11. Qg3 Rg8 12. a3 Ba5 13. d3 O-O-O 14. b4 Bb6 15. Nc3
d4 16. Na4 dxe3 17. Nxb6+ cxb6 18. Qxe3 Nd5 19. Qf3 c5 20. bxc5 Qxc5+ 21. Kh1 Nc3
22. Bxc3 Qxc3 23. Rfd1 Kb8 24. Rac1 h6  1/2-1/2

[Event "British Chess Championships 2023: U12 Championship"]
[Site "The Venue, De Montfort University, 20 Western Boulevard, Leicester, LE2 7BU"]
[Date "2023.07.26"]
[Round "3"]
[Board "29"]
[White "Ho, Magus"]
[Black "Volovich, Andrew"]
[Result "0-1"]
[WhiteElo "1071"]
[BlackElo "1373"]
[PlyCount "122"]
[EventDate "2023.07.25"]
[EventRounds "7"]
[EventCountry "ENG"]

1. d4 d5 2. Bf4 Bf5 3. e3 e6 4. Bd3 Bxd3 5. Qxd3 Nf6 6. Nd2 Nbd7 7. c3 Be7 8. Ngf3
O-O 9. h3 Rc8 10. O-O c5 11. b3 cxd4 12. cxd4 Rc6 13. Rac1 Qb6 14. e4 dxe4 15. Nxe4
Rfc8 16. Nxf6+ Nxf6 17. Rxc6 Rxc6 18. Rd1 Qa6 19. Qd2 Nd5 20. Bh2 Nc3 21. Re1 Qxa2
22. Qxa2 Nxa2 23. Ra1 Rc1+ 24. Rxc1 Nxc1 25. Nd2 Ne2+ 26. Kf1 Nxd4 27. Be5 Bf6 28.
Bxd4 Bxd4 29. Nf3 Bc5 30. Ke2 b5 31. Ne5 a5 32. Nd3 Bd4 33. f3 a4 34. bxa4 bxa4 35.
Nb4 Bc5 36. Na6 Bd6 37. Kd3 a3 38. Kc2 Kf8 39. g4 Ke7 40. g5 h6 41. f4 Bxf4 42. gxh6
gxh6 43. Nb4 e5 44. Kb3 e4 45. Nd5+ Ke6 46. Nxf4+ Ke5 47. Ne2 f5 48. Kxa3 f4 49.
Kb3 f3 50. Ng3 Kd4 51. Kc2 Ke3 52. Kd1 Kf4 53. Nxe4 Kxe4 54. Ke1 Ke3 55. Kf1 f2 56.
h4 h5 57. Kg2 Ke2 58. Kg3 f1=Q 59. Kh2 Qf4+ 60. Kg1 Qg4+ 61. Kh2 Kf2  0-1

[Event "British Chess Championships 2023: U12 Championship"]
[Site "The Venue, De Montfort University, 20 Western Boulevard, Leicester, LE2 7BU"]
[Date "2023.07.26"]
[Round "3"]
[Board "30"]
[White "Paintin, Zac"]
[Black "Bedford, Henry"]
[Result "1-0"]
[WhiteElo "1458"]
[BlackElo "1025"]
[PlyCount "53"]
[EventDate "2023.07.25"]
[EventRounds "7"]
[EventCountry "ENG"]

1. d4 Nf6 2. Bf4 e6 3. e3 Nc6 4. Nf3 d5 5. Nc3 Bb4 6. Bd3 O-O 7. O-O Re8 8. a3 Bxc3
9. bxc3 Bd7 10. Re1 Ne4 11. Bxe4 dxe4 12. Ne5 f6 13. Nxd7 Qxd7 14. Rb1 b6 15. Qg4
Kh8 16. d5 Ne5 17. Bxe5 fxe5 18. Red1 Rad8 19. dxe6 Qxd1+ 20. Rxd1 Rxd1+ 21. Qxd1
h6 22. Qd7 Rf8 23. e7 Ra8 24. e8=Q+ Rxe8 25. Qxe8+ Kh7 26. Qxe5 c5 27. Qc7  1-0

[Event "British Chess Championships 2023: U12 Championship"]
[Site "The Venue, De Montfort University, 20 Western Boulevard, Leicester, LE2 7BU"]
[Date "2023.07.26"]
[Round "3"]
[Board "31"]
[White "Ding, Yihua"]
[Black "Patel, Diah"]
[Result "0-1"]
[WhiteElo "977"]
[BlackElo "1211"]
[PlyCount "106"]
[EventDate "2023.07.25"]
[EventRounds "7"]
[EventCountry "ENG"]

1. d4 d5 2. c4 e6 3. Nf3 Nf6 4. Bf4 Bb4+ 5. Nc3 Ne4 6. Bd2 Nxd2 7. Qxd2 Nc6 8. a3
Be7 9. e3 Na5 10. Qc2 Nxc4 11. Bxc4 dxc4 12. Qa4+ Bd7 13. Qxc4 O-O 14. O-O Bc6 15.
Ne5 Bd5 16. Nxd5 exd5 17. Qd3 Bd6 18. h3 Qg5 19. Nf3 Qf6 20. Qb5 c6 21. Qxb7 Rfb8
22. Qa6 Rxb2 23. Rab1 c5 24. Qd3 c4 25. Qc3 Rxb1 26. Rxb1 Qf5 27. Re1 h6 28. Nh2
Rb8 29. g4 Qe4 30. f3 Bxh2+ 31. Kxh2 Qxf3 32. Qc2 Rb3 33. Rb1 Rxb1 34. Qxb1 Qf2+
35. Kh1 Qxe3 36. Qb8+ Kh7 37. Qxa7 Qxh3+ 38. Kg1 Qxg4+ 39. Kf2 c3 40. Qc5 Qf4+ 41.
Ke2 Qd2+ 42. Kf3 c2 43. Qxd5 Qd3+ 44. Kg4 c1=Q 45. Qf5+ Qxf5+ 46. Kxf5 g6+ 47. Kf6
Qf4+ 48. Ke7 Qe4+ 49. Kf6 Qxd4+ 50. Kxf7 Qd6 51. Ke8 Kg7 52. a4 Kf6 53. a5 Qe7#  0-1

[Event "British Chess Championships 2023: U12 Championship"]
[Site "The Venue, De Montfort University, 20 Western Boulevard, Leicester, LE2 7BU"]
[Date "2023.07.26"]
[Round "3"]
[Board "32"]
[White "Ding, Yicheng"]
[Black "Singh, Avyanna"]
[Result "0-1"]
[WhiteElo "944"]
[BlackElo "1246"]
[PlyCount "50"]
[EventDate "2023.07.25"]
[EventRounds "7"]
[EventCountry "ENG"]

1. d4 d5 2. c4 e6 3. Nc3 Nf6 4. Nf3 c5 5. cxd5 exd5 6. g3 Nc6 7. Bg2 Be7 8. e3 O-O
9. h4 Bf5 10. Bh3 Qc8 11. Bxf5 Qxf5 12. Nh2 Nb4 13. Kf1 cxd4 14. exd4 Ne4 15. Qf3
Qh3+ 16. Kg1 Qe6 17. Be3 Rac8 18. a3 Nc2 19. Rd1 Nxc3 20. bxc3 Rxc3 21. Qg4 Nxe3
22. Qxe6 fxe6 23. fxe3 Rxe3 24. Kg2 Bd6 25. g4 Rg3#  0-1

[Event "British Chess Championships 2023: U12 Championship"]
[Site "The Venue, De Montfort University, 20 Western Boulevard, Leicester, LE2 7BU"]
[Date "2023.07.26"]
[Round "3"]
[Board "33"]
[White "Sandhu, Rohan"]
[Black "Pannu, Aaron"]
[Result "1-0"]
[WhiteElo "926"]
[BlackElo "1166"]
[PlyCount "141"]
[EventDate "2023.07.25"]
[EventRounds "7"]
[EventCountry "ENG"]

1. d4 d5 2. Bf4 Nc6 3. e3 Nf6 4. c4 e6 5. Nf3 Bb4+ 6. Nc3 O-O 7. a3 Bxc3+ 8. bxc3
Re8 9. Be2 Ng4 10. O-O e5 11. dxe5 Ngxe5 12. cxd5 Nxf3+ 13. Bxf3 Ne5 14. Bxe5 Rxe5
15. Qd4 f6 16. Rfd1 Qd6 17. c4 c5 18. dxc6 Qxd4 19. exd4 Re7 20. Rab1 Rb8 21. cxb7
Bxb7 22. Bxb7 Rbxb7 23. Rbc1 Re2 24. Rb1 Rd2 25. h3 Rxb1 26. Rxb1 Rxd4 27. Rb8+ Kf7
28. Rb7+ Kg6 29. Rxa7 Rxc4 30. g3 Rc1+ 31. Kg2 Ra1 32. g4 h5 33. gxh5+ Kxh5 34. Rxg7
Rxa3 35. Rg3 Rxg3+ 36. Kxg3 f5 37. f4 Kg6 38. Kf3 Kf6 39. Ke3 Kg6 40. Kd4 Kf7 41.
Ke5 Kg6 42. h4 Kh5 43. Kxf5 Kxh4 44. Ke6 Kh5 45. f5 Kh6 46. f6 Kg6 47. Ke7 Kf5 48.
f7 Ke4 49. f8=R Kd5 50. Rf4 Ke5 51. Ra4 Kd5 52. Ra6 Ke5 53. Ra5+ Kd4 54. Ke6 Kc4
55. Kd6 Kb4 56. Rc5 Ka4 57. Rc1 Kb4 58. Kd5 Kb3 59. Kd4 Kb2 60. Rc8 Kb3 61. Rc7 Kb2
62. Kd3 Kb1 63. Kd2 Kb2 64. Rb7+ Ka3 65. Kc2 Ka4 66. Kc3 Ka5 67. Kc4 Ka6 68. Rb1
Ka5 69. Rb2 Ka6 70. Kc5 Ka5 71. Ra2#  1-0

[Event "British Chess Championships 2023: U12 Championship"]
[Site "The Venue, De Montfort University, 20 Western Boulevard, Leicester, LE2 7BU"]
[Date "2023.07.26"]
[Round "3"]
[Board "34"]
[White "Sun, Bobby"]
[Black "Shah, Samuel"]
[Result "0-1"]
[WhiteElo "853"]
[BlackElo "1074"]
[PlyCount "66"]
[EventDate "2023.07.25"]
[EventRounds "7"]
[EventCountry "ENG"]

1. e4 e5 2. Nf3 Nc6 3. Nc3 Nf6 4. Bc4 Nxe4 5. Nxe4 d5 6. Bxd5 Qxd5 7. Nc3 Qd8 8.
Qe2 Bd6 9. Qc4 O-O 10. d4 exd4 11. Nxd4 Re8+ 12. Nce2 Bb4+ 13. c3 Nxd4 14. O-O Nxe2+
15. Kh1 Bd6 16. Qd3 Nxc1 17. Raxc1 Bd7 18. Rfe1 Qf6 19. Re2 Rxe2 20. Qxe2 Re8 21.
Qf3 Qxf3 22. gxf3 Bc6 23. Kg2 f5 24. Rd1 g5 25. Rd4 g4 26. Kf1 Bxf3 27. Ra4 a6 28.
Rc4 Be2+ 29. Kg2 Bxc4 30. b3 Bxb3 31. axb3 f4 32. Kh1 f3 33. b4 Re1#  0-1

[Event "British Chess Championships 2023: U12 Championship"]
[Site "The Venue, De Montfort University, 20 Western Boulevard, Leicester, LE2 7BU"]
[Date "2023.07.27"]
[Round "4"]
[Board "1"]
[White "Pereslavtsev, Alexandr"]
[Black "Dairi, Ramsey"]
[Result "0-1"]
[WhiteElo "1555"]
[BlackElo "1592"]
[PlyCount "0"]
[EventDate "2023.07.25"]
[EventRounds "7"]
[EventCountry "ENG"]

1. d4 f5 2. Nc3 Nf6 3. Bg5 d5 4. Bxf6 exf6 5. e3 Bb4 6. Qd2 O-O 7. Bd3 Re8 8. Nge2
c5 9. Bb5 Bd7 10. Bxd7 Qxd7 11. a3 Bxc3 12. Qxc3 cxd4 13. Qxd4 Nc6 14. Qd2 Rad8 15.
O-O-O Qf7 16. Kb1 Ne5 17. b3 Ng4 18. Nd4 Qd7 19. h3 Nh6 20. Ne2 Nf7 21. Nf4 Qb5 22.
Qd3 Qc5 23. Qxf5 Re5 24. Nd3 Rxf5 25. Nxc5 Rxf2 26. Nxb7 Rc8 27. Rxd5 Rcxc2 28. Rc5
Rb2+ 29. Kc1 Ne5 30. Rd1 Rxb3 31. Rc7 Nd3+ 32. Rxd3 Rxd3 33. e4 Rxa3 34. Kb1 Rxg2
35. Nd6 h6 36. Nf5 Rxh3 37. Rc1 Rhh2 38. Rd1 Rb2+ 39. Ka1 Ra2+ 40. Kb1 Rhb2+ 41.
Kc1 Ra1+ 42. Kxb2 Rxd1 43. Kc3 Rf1 44. Nd6 Kf8  0-1

[Event "British Chess Championships 2023: U12 Championship"]
[Site "The Venue, De Montfort University, 20 Western Boulevard, Leicester, LE2 7BU"]
[Date "2023.07.27"]
[Round "4"]
[Board "2"]
[White "Gunarathne, Senith"]
[Black "Vaidyanathan, Adithya"]
[Result "0-1"]
[WhiteElo "1460"]
[BlackElo "1559"]
[PlyCount "0"]
[EventDate "2023.07.25"]
[EventRounds "7"]
[EventCountry "ENG"]

1. e4 c5 2. Nf3 Nc6 3. d4 cxd4 4. Nxd4 g6 5. Be3 Bg7 6. Nc3 Nf6 7. f3 O-O 8. Qd2
d6 9. Bc4 Qc7 10. Bb3 Rd8 11. O-O-O a6 12. g4 e6 13. h4 Bd7 14. Nde2 Ne5 15. Qxd6
Qxd6 16. Rxd6 Bf8 17. Rdd1 Bg7 18. g5 Ne8 19. f4 Ng4 20. Bb6 Kf8 21. Bxd8 Rxd8 22.
Rhg1 h5 23. Rd2 Ke7 24. e5 Rc8 25. Rgd1 Rc7 26. Ne4 Ne3 27. Re1 Ng2 28. Rh1 Bc6 29.
Rd4 Ne3 30. N2g3 Nf5 31. Nxf5+ gxf5 32. Re1 Bxe4 33. c3 Rd7 34. Rxd7+ Kxd7 35. Bd1
Bf8 36. Bxh5 Bc5 37. Bxf7 Bf2 38. Rd1+ Ke7 39. Bxe8 Kxe8 40. Rf1 Be3+ 41. Kd1 Bg2
42. Re1 Bxf4 43. Kc2 Be4+ 44. Kb3 Bg3 45. Rg1 Bf2 46. Rf1 Bxh4 47. g6 Bg3 48. Rg1
f4 49. Kb4 Bxg6 50. Kc5 Bf2+  0-1

[Event "British Chess Championships 2023: U12 Championship"]
[Site "The Venue, De Montfort University, 20 Western Boulevard, Leicester, LE2 7BU"]
[Date "2023.07.27"]
[Round "4"]
[Board "3"]
[White "Soulier, Alfred"]
[Black "Walia, Shulin"]
[Result "1-0"]
[WhiteElo "1757"]
[BlackElo "1825"]
[PlyCount "0"]
[EventDate "2023.07.25"]
[EventRounds "7"]
[EventCountry "ENG"]

1. e4 c5 2. Nf3 Nc6 3. d4 cxd4 4. Nxd4 Nf6 5. Nc3 e5 6. Ndb5 d6 7. Bg5 a6 8. Na3
b5 9. Bxf6 gxf6 10. Nd5 Be6 11. c3 Be7 12. Nc2 f5 13. exf5 Bxf5 14. Nce3 Be6 15.
Qf3 Rc8 16. Bd3 Bg5 17. Nf5 Ne7 18. Ndxe7 Bxe7 19. Ng7+ Kd7 20. Qb7+ Qc7 21. Qxa6
Kd8 22. Nxe6+ fxe6 23. Bxb5 Rb8 24. O-O-O Bg5+ 25. Kb1 Ke7 26. Qc6 Qxc6 27. Bxc6
Rhc8 28. Be4 h6 29. Kc2 Rf8 30. Rhf1 d5 31. Bf3 Rfc8 32. Rfe1 e4 33. Bg4 Rc6 34.
Be2 Ra8 35. a4 Rc7 36. Bb5 h5 37. Kb3 Rb8 38. h3 Kf7 39. g3 Bh6 40. h4 Ke7 41. Ka3
Ra7 42. Be2 Rab7 43. Bb5 Ra7 44. Kb3 Rc7 45. Re2 Kf7 46. Rde1 Rb6 47. Rc2 Rb8 48.
Rce2 Rb6 49. Rd1 Rb8 50. f3 exf3 51. Rf1 Ke7 52. Rxf3 Bg7 53. Rf5 Kd6 54. Rxh5 e5
55. Rg5 e4 56. h5 Bf6 57. Rf5 Be5 58. g4 Rh7 59. Rff2 Kc5 60. Rf5 Kd6 61. Rg5 Rh6
62. c4 dxc4+ 63. Kxc4 Rc8+ 64. Kb3 Rf6 65. Rxe4 Rf3+ 66. Ka2 Bf6 67. Rf5 Rxf5 68.
gxf5 Be5 69. h6 Rc2 70. Rb4 Kc5 71. Rb3 Rh2 72. Bd7 Rxh6 73. Be6 Rh8 74. Rb5+ Kd4
75. Rd5+  1-0

[Event "British Chess Championships 2023: U12 Championship"]
[Site "The Venue, De Montfort University, 20 Western Boulevard, Leicester, LE2 7BU"]
[Date "2023.07.27"]
[Round "4"]
[Board "4"]
[White "Steiners, Emils"]
[Black "Ward, Cian"]
[Result "1-0"]
[WhiteElo "1725"]
[BlackElo "1630"]
[PlyCount "0"]
[EventDate "2023.07.25"]
[EventRounds "7"]
[EventCountry "ENG"]

1. d4 e6 2. c4 Nf6 3. Nc3 Bb4 4. e3 c5 5. a3 Bxc3+ 6. bxc3 d6 7. Bd3 Nc6 8. Ne2 O-O
9. O-O b6 10. Bb2 Na5 11. Ng3 Ba6 12. Qe2 Qd7 13. a4 Rac8 14. d5 Qe8 15. e4 Nd7 16.
f4 exd5 17. cxd5 Bxd3 18. Qxd3 c4 19. Qf3 Nc5 20. Ba3 f6 21. Bxc5 Rxc5 22. Qg4 Rc7
23. Rae1 Qd7 24. Nf5 g6 25. Qg3 Kh8 26. Nd4 Rf7 27. Qh4 Nb3 28. e5 dxe5 29. fxe5
fxe5 30. Rxf7 Qxf7 31. Qd8+ Kg7 32. Ne6+  1-0